Najstarsi zwycięzcy wyścigu w historii F1 - Statystyki

Ogólne statystyki
  • Ten quiz został rozwiązany 48 razy
  • Średni wynik to 3 z 10
Statystyki odpowiedzi
Hint Odpowiedź % Poprawnych
3. 46 lat, 41 dni , Argentyńczyk Juan Manuel Fangio
98%
2. 46 lat, 276 dni , Włoch Nino Farina
64%
5. 43 lata, 339 dni , Australijczyk Jack Brabham
55%
7. 41 lat, 97 dni , Brytyjczyk Nigel Mansell
40%
1. 53 lata, 22 dni , Włoch Luigi Fagioli
19%
10. 40 lat, 92 dni , Brytyjczyk Graham Hill
7%
9. 40 lat, 200 dni , Francuz Maurice Trintignant
7%
4. 45 lat, 219 dni , Włoch Piero Taruffi
7%
8. 40 lat, 264 dni , Amerykanin Lee Wallard
2%
6. 42 lata, 321 dni , Amerykanin Sam Hanks
2%
Nie znaleziono quizów pasujących do podanych kryteriów
Rozkład punktacji
Procent ludzi z każdym wynikiem
Percentyl według liczby udzielonych odpowiedzi
Twoja historia wyników
Nie rozwiązałeś tego quizu